Fundamental concepts in the design of experiments (Record no. 541507)

000 -LEADER
fixed length control field 00498nam a2200157 4500
020 ## - INTERNATIONAL STANDARD BOOK NUMBER
International Standard Book Number 003080132X
082 00 - DEWEY DECIMAL CLASSIFICATION NUMBER
Classification number 001.434
Author Mark HIC
100 1# - MAIN ENTRY--PERSONAL NAME
Personal name Hicks, Charles Robert,
9 (RLIN) 36446
245 10 - TITLE STATEMENT
Title Fundamental concepts in the design of experiments
Statement of responsibility, etc. [by] Charles R. Hicks.
250 ## - EDITION STATEMENT
Edition statement [2d ed.]
260 ## - PUBLICATION, DISTRIBUTION, ETC.
Place of publication, distribution, etc. New York,
Name of publisher, distributor, etc. Holt, Rinehart and Winston
Date of publication, distribution, etc. [1973]
300 ## - PHYSICAL DESCRIPTION
Extent xiii, 349 p.
Other physical details illus.
Dimensions 23 cm.
526 ## - STUDY PROGRAM INFORMATION NOTE
Program name 0
Interest level 0
Reading level 0
Title point value 001_434000000000000_HIC
650 #0 - SUBJECT ADDED ENTRY--TOPICAL TERM
Topical term or geographic name entry element Experimental design.
9 (RLIN) 10527
942 ## - ADDED ENTRY ELEMENTS (KOHA)
Source of classification or shelving scheme
Koha item type Book
Holdings
Withdrawn status Lost status Source of classification or shelving scheme Damaged status Not for loan Permanent Location Current Location Date acquired Total Checkouts Full call number Barcode Date last seen Price effective from Koha item type
          Military College of Engineering (MCE) Military College of Engineering (MCE) 08/02/2013   001.434 HIC MCE-43144 08/02/2013 08/02/2013 Book
© 2023 Central Library, National University of Sciences and Technology. All Rights Reserved.